Pflanzendroge/Familie/Wirkstoff(-Typ)/Stammpflanzen #2 - Statistiken

Allgemein
  • Dieses Quiz wurde 8 mal gespielt
  • Das Durchschnittsergebnis liegt bei 38 aus 58
Antwortstatistiken
Pflanzendroge Familie Wirkstoff(-Typ) Stammpflanze(n)(Fachsprache) % Korrekt
Absinthii herba (EuAB) Asteraceae Absinthin (Bitterstoffe) Artemisia absinthium
100%
Rapae oleum raffinatum Brassicaceae Fett(-säuren) Brassica napus; Brassica campestris
100%
Lupuli flos (EuAB) Cannabaceae Bitterstoffe Humulus lupulus
100%
Ricini oleum virginale/raffinatum/hydrogenatum Euphorbiaceae Fett(-säuren) Rizinus communis
100%
Arachidis oleum hydrogenatum/raffinatum Fabaceae Fett(-säuren) Arachis hypogaea
100%
Gentianae Radix (EuAB) Gentianaceae Amarogentin Gentiana Lutea
100%
Lini oleum virginale Linaceae Fett(-säuren) Linum usitatissimum
100%
Olivae oleum virginale/raffinatum Oleaceae Fett(-säuren) Olea europea
100%
Sesami oleum raffinatum Pedaliaceae Fett(-säuren) Sesamum indicum
100%
Terebinthinae aetheroleum (EuAB) Pinaceae Ätherisches Öl Pinus pinaster; Pinus massoniana
100%
Plantaginis lanceolatae folium (EuAB) Plantaginaceae Acteosid Plantago lanceolata
100%
Amygdalae oleum virginale/raffinatum Rosaceae Fett(-säuren) Prunis dulcis var. amara;Prunis dulcis var. dulcis
100%
Quassiae lignum Simaroubaceae BItterstoffe Quassia amara
100%
Calendulae flos(EuAB) Asteraceae Flavonoide Calendula officinalis
75%
Cnici benedicti herba(ÖAB) Asteraceae Cnicin Cnicus benedictus
75%
Solidaginis herba (EuAB) Asteraceae Flavonoide Solidago gigantea; Solidago canadensis
75%
Solidaginis virgaurea herba (EuAB) Asteraceae Flavonoide Solidago virgaurea
75%
Betula Folium (EuAB) Betulaceae Flavonoide Betula pendula; Betula pubescens
75%
Lavandulae flos (EuAB) Lamiaceae Ätherisches Öl Lavandula angustifolia
75%
Equiseti herba (EuAB) Equisetaceae Flavonoide Equisetum arvense
75%
soiae oleum hydrogenatum/raffinatum Fabaceae Fett(-säuren) Glycin max.
75%
Quercus Cortex (EuAB) Fagaceae Gerbstoffe Quercus robur; Quercus petraea; Quercus pubescens
75%
Ratanhie radix (EuAB) Krameriaceae Gerbstoffe Krameria triandra
75%
Rosmarini folium (EuAB) Lamiaceae Ätherisches Öl, Rosmarinsäure Rosmarinus officinalis
75%
Papaveraceae Opiate (z.b Morphin) Papaver somniferus
75%
Passiflorae herba (EuAB) Passifloraceae Flavonoide Passiflora incarnata
75%
Polygalae radix Polygalaceae Presenegenin Polygala senega; Polygala tenuifolia
75%
Polygoni avicularis herba (EuAB) Polygonaceae Flavonoiden Polygonum aviculare
75%
Rhamni purshianeae cortex (EuAB) Rhamnaceae Cascarosid A Rhamnus purshiana
75%
Crataegi folium cum flore und Crataegi fructus(EuAB) Rosaceae Vitexin-2''-O-rhamnosid (Blatt und Blüte), Cyanidinchlorid (Frucht) Crataegus monogyna; Crateagus laevigata
75%
Tormentillae rhizoma (EuAB) Rosaceae Gerbstoffe Potentilla erecta
75%
Aurantii amari epicarpium et mesocarpium (EuAB) Rutaceae Bitterstoffe Citrus aurantium ssp. aurantium (Bitterorange)
75%
Anacardiaceae Gallotannin Rhus semiolata
50%
Curacao-Aloe (EuAB) Asphodelaceae Aloin Aloe barbadensis
50%
Aloe capensis (EuAB) Asphodelaceae Aloin Aloe ferrox
50%
Sennae Foliolum und Fructus(EuAB) Fabaceae Sennosid B Senna alexandrina
50%
Fagaceae Gallotannin Quercus infectoria
50%
Hyperici herba (EuAB) Hypericaceae Hypericin Hypericum perforatum
50%
Menthae piperitae folium (EuAB) Lamiaceae Ätherisches Öl Mentha x piperita
50%
Ballotae nigrae herba Lamiaceae Acteosid Ballota nigra
50%
Colae semen (EuAB) Malvaceae Purinalkaloide z.B Coffein Cola nitida; Cola acuminata
50%
Chelidonii herba (EuAB) Papaveraceae Benzylisochinolinalkaloide Chelidonium majus
50%
Frangulae cortex (EuAB) Rhamnaceae Glucofrangulin A Frangula alnus
50%
Coffeae tostae semen Rubiaceae Purinalkaloide z.B Coffein Coffea arabica; Coffea liberica; Coffea robusta
50%
Ipecacuanhae radix Rubiaceae Emetin Carapichea ipecacuanha
50%
Chinchonae cortex (EuAB) Rubiaceae Alkaloide, Chinin Cinchona pubescens; Cinchona calisaya; Cinchona ledgeriana
50%
Belladonnae folium (EuAB) Solanaceae Atropa Alkalaoide, Atropin Atropa Belladonna
50%
Theae folium Theaceae Purinalkaloide z.B Coffein Camelia sinensis
50%
Foenuculi dulcis fructus (EuAB) Apiaceae Fenchon Foeniculum vulgare ssp. vulgare var. dulce
25%
Foenuculi amari fructus (EuAB) Apiaceae Fenchon und Anethol Foeniculum vulgare ssp. vulgare var. vulgare
25%
Scillae Bulbus (DAB 2010) Asparagaceae Herzwirksame Glykoside vom Bufadienolidtyp Drimia maritima; Urginea maritima
25%
Hamamelidaceae ß-Hamamelitannin Hamamelis virginiana
25%
Thymi herba (EuAB) Lamiaceae Ätherisches Öl/Thymol Thymus vulgaris; Thymus zygis
25%
Lytraceae Punicalagin Punica granatum
25%
Digitalis purpureae folium (EuAB) Plantaginaceae Herzwirksameglykoside vom Cardenolid-Typ, z.B Digitoxin Digitalis purpurea
25%
Citronellae aetheroleum (EuAB) Poaceae Ätherisches Öl Cymbopogon winterianus
25%
Rhei Radix (EuAB) Polygonaceae Gesamthydroxyanthracenglycoside, Gerbstoffe Rheum palmatum; Rheum officinale
25%
Sambuci flos (EuAB) Vibournaceae Flavonoide Sambucus nigra
25%
Keine übereinstimmenden Quizze gefunden
Verteilung der Resultate
Anzahl Personen mit jedem Resultat
Perzentil nach korrekt beantworteten Fragen
Ihre Resultats-Entwicklung
Sie haben dieses Quiz noch nicht gespielt